| 000 | 00963nam a2200325Ia 4500 | ||
|---|---|---|---|
| 001 | 67149 | ||
| 003 | IT-RoPAU | ||
| 008 | 130308s9999 xx 000 0 und d | ||
| 040 | _aIT-RoPAU | ||
| 040 | _cIT-RoPAU | ||
| 041 | _aITALIANO | ||
| 100 | _aMargrave Seton | ||
| 100 | _gCodice Aut. SPICS: 23421 | ||
| 240 | _aSUCCESSFUL FILM WRITING | ||
| 240 | _gCodice Tit. Orig. Spics: T0531 | ||
| 245 | _aCome si scrive un film | ||
| 245 | _bCome si scrive un Film | ||
| 250 | _a1a ed. | ||
| 260 | _aMILANO | ||
| 260 | _bBompiani | ||
| 260 | _c1939 [1° Ed.:1939 - Ed.Ling.Originale:1939] | ||
| 300 | _a"272 p. (prefazione: no ; testo: 272 [pagine: 0-0])" | ||
| 500 | _aSuscitare L'Interesse del Pubblico Dialogo Continuità della Narrazione reazione del Pubblico caratteristiche della Narrazione | ||
| 650 | _aLINGUAGGIO CINEMATOGRAFICO | ||
| 650 | _eCodice materia Spics: 6804 | ||
| 942 | _cBK | ||
| 957 | _71 | ||
| 999 |
_c70984 _d70984 |
||
| 999 | _bSI | ||
| 999 | _g1 | ||